| 000 | 00612nam a2200193Ia 4500 | ||
|---|---|---|---|
| 003 | IN-BaIIA | ||
| 008 | 211028s9999 xx 000 0 eng d | ||
| 020 | _a1-4020-3108-4 | ||
| 040 | _cIIA Library | ||
| 080 |
_a52(082.1) _bASS-321 |
||
| 245 | 0 |
_aNonequilibrium phenomena in plasmas _cedited by A. S. Sharma and P. K. Kaw |
|
| 260 |
_aDordrecht _bSpringer _c2005 |
||
| 300 | _aix, 340p. | ||
| 490 | _aAstrophysics and space science library; v. 321 | ||
| 650 |
_aNonequilibrium _929623 |
||
| 650 |
_aPlasmas _91898 |
||
| 700 |
_aP. K. Kaw, ed. _929624 |
||
| 942 | _cBK | ||
| 999 |
_c16021 _d16021 |
||